Statistieken voor Treinstations in Nederland

Klik hier om de quiz te nemen!

Algemene statistieken

  • Deze quiz is 295 keer genomen
    (145 sinds de laatste reset)
  • De gemiddelde score is 134 of 400

Antwoordstatistieken

Answer% Correct
Amsterdam Centraal
97%
Rotterdam Centraal
96%
Den Haag Centraal
92%
Utrecht Centraal
90%
Groningen
88%
Maastricht
87%
Zwolle
87%
Arnhem Centraal
86%
Almere Centrum
86%
's-Hertogenbosch
85%
Nijmegen
85%
Tilburg
85%
Breda
79%
Eindhoven Centraal
79%
Venlo
78%
Enschede
77%
Amersfoort Centraal
77%
Middelburg
77%
Lelystad Centrum
76%
Leeuwarden
76%
Leiden Centraal
74%
Den Helder
74%
Alkmaar
74%
Vlissingen
73%
Roosendaal
73%
Amsterdam Zuid
72%
Hilversum
72%
Assen
72%
Dordrecht
71%
Almelo
69%
Gouda
68%
Roermond
68%
Emmen
68%
Deventer
68%
Ede-Wageningen
67%
Apeldoorn
67%
Heerlen
67%
Delft
67%
Amsterdam Amstel
65%
Schiphol Airport
65%
Hengelo
64%
Haarlem
64%
Rotterdam Blaak
63%
Duiven
63%
Oss
63%
Goes
62%
Amsterdam Bijlmer ArenA
62%
Harderwijk
62%
Sittard
60%
Hoorn
60%
Bergen op Zoom
59%
Enkhuizen
58%
Heerenveen
56%
Sneek
56%
Amsterdam Sloterdijk
55%
Zutphen
55%
Venray
55%
Driebergen-Zeist
55%
Schiedam Centrum
55%
Duivendrecht
54%
Zaandam
54%
Harlingen
54%
Veenendaal Centrum
53%
Weert
53%
Almere Buiten
51%
Soest
51%
Houten
51%
Kampen
51%
Den Haag HS
50%
Tiel
50%
Dieren
50%
Doetinchem
50%
Rotterdam Alexander
49%
Rotterdam Zuid
49%
Dronten
49%
Arnhem Zuid
49%
Diemen
47%
Tilburg Universiteit
47%
Helmond
47%
Amsterdam RAI
47%
Barneveld Centrum
47%
Winterswijk
47%
Castricum
47%
Rhenen
46%
Woerden
46%
Nijmegen Lent
45%
Delfzijl
45%
Hoofddorp
44%
Purmerend
44%
Meppel
44%
Elst
44%
Baarn
44%
Hoogeveen
42%
Gorinchem
42%
Zoetermeer
42%
Amsterdam Lelylaan
42%
Rotterdam Noord
42%
Weesp
41%
Barendrecht
41%
Culemborg
41%
Putten
41%
Utrecht Leidsche Rijn
41%
Utrecht Lunetten
41%
Almere Oostvaarders
41%
Almere Muziekwijk
41%
Geldermalsen
40%
Kerkrade Centrum
40%
Boxtel
40%
Den Haag Laan van NOI
40%
Veenendaal-De Klomp
40%
Etten-Leur
40%
Schagen
38%
Zwijndrecht
38%
Amsterdam ArenA
38%
Cuijk
38%
Utrecht Overvecht
38%
Delft Zuid
38%
Nijkerk
38%
Arnhem Velperpoort
37%
Valkenburg
37%
Zandvoort aan Zee
37%
Zaltbommel
37%
Best
37%
Gouda Goverwelle
37%
Anna Paulowna
37%
Velp
37%
Amersfoort Vathorst
37%
Kampen Zuid
37%
Vught
37%
Oldenzaal
36%
Almere Poort
36%
Rijswijk
36%
Boxmeer
36%
Capelle Schollevaar
36%
Aalten
35%
Alkmaar Noord
35%
Ommen
35%
Barneveld Noord
35%
Amersfoort Schothorst
35%
Raalte
35%
Lage Zwaluwe
35%
Nijmegen Dukenberg
35%
Amsterdam Holendrecht
35%
Amsterdam Muiderpoort
35%
Breda-Prinsenbeek
35%
Breukelen
35%
Rheden
33%
Arnhem Presikhaaf
33%
Abcoude
33%
Beverwijk
33%
Groningen Noord
33%
Heerhugowaard
33%
Ermelo
33%
Wijchen
33%
Dordrecht Zuid
33%
Franeker
33%
Rosmalen
32%
Eindhoven Strijp-S
32%
Wijhe
32%
Barneveld Zuid
32%
Houten Castellum
32%
Hilversum Media Park
32%
Haren
32%
Veendam
32%
Olst
32%
't Harde
32%
Zevenaar
32%
Nunspeet
32%
's-Hertogenbosch Oost
32%
Deurne
31%
Kruiningen-Yerseke
31%
Maastricht Randwyck
31%
Bloemendaal
31%
Ede Centrum
31%
Tilburg Reeshof
31%
Utrecht Vaartsche Rijn
31%
Rotterdam Lombardijen
29%
Voorburg
29%
Bodegraven
29%
Bunnik
29%
Oss West
29%
Vlissingen Souburg
29%
Den Helder Zuid
29%
Maarssen
29%
Naarden-Bussum
29%
Coevorden
29%
Hoorn Kersenboogerd
29%
Bilthoven
29%
Heemstede-Aerdenhout
29%
Boven Hardinxveld
29%
Groningen Europapark
29%
Steenwijk
28%
Amsterdam Science Park
28%
Diemen Zuid
28%
Leiden Lammenschans
28%
Almere Parkwijk
28%
Hardenberg
28%
Maarn
28%
Eijsden
28%
Gilze-Rijen
28%
Nijmegen Goffert
28%
Heiloo
28%
Maastricht Noord
27%
Leerdam
27%
Alphen aan den Rijn
27%
Vleuten
27%
Nijmegen Heyendaal
27%
Uitgeest
27%
Waddinxveen
27%
Voorschoten
27%
Blerick
26%
Nieuw Vennep
26%
Oisterwijk
26%
Tegelen
26%
Halfweg-Zwanenburg
26%
Almelo De Riet
26%
Den Haag Mariahoeve
26%
De Vink
26%
Didam
26%
Utrecht Terwijde
26%
Borne
26%
Utrecht Maliebaan
26%
Brummen
26%
Dalfsen
26%
Sliedrecht
26%
Arnemuiden
26%
Heemskerk
26%
Stavoren
26%
Echt
26%
Haarlem-Spaarnwoude
24%
Zoetermeer Oost
24%
Mook Molenhoek
24%
Den Haag Moerwijk
24%
Den Haag Ypenburg
24%
Nijverdal
24%
Obdam
24%
Hillegom
24%
Krommenie-Assendelft
24%
Bovenkarspel Flora
24%
Lochem
24%
Wezep
24%
Ravenstein
24%
Boskoop
24%
Wolfheze
24%
Soest Zuid
23%
Veenendaal West
23%
Tiel Passewaaij
23%
Rilland-Bath
23%
Zaandijk Zaanse Schans
23%
Wierden
23%
Rijssen
23%
Oosterbeek
23%
Purmerend Overwhere
23%
Hoogkarspel
23%
Hilversum Sportpark
23%
Hoogezand-Sappemeer
23%
Goor
23%
Eemshaven
23%
Deventer Colmschate
23%
Den Dolder
23%
Harlingen Haven
23%
Horst-Sevenum
23%
Lansingerland-Zoetermeer
23%
Lichtenvoorde-Groenlo
23%
Bovenkarspel-Grootebroek
23%
Beilen
23%
Hoevelaken
23%
Appingedam
23%
Eygelshoven
22%
Roodeschool
22%
Soestdijk
22%
Schin op Geul
22%
Sassenheim
22%
Santpoort Noord
22%
Geldrop
22%
Zwolle Stadshagen
22%
Enschede Kennispark
22%
Rotterdam Stadion
22%
Westervoort
22%
Landgraaf
22%
Winschoten
22%
Lunteren
22%
Beesd
22%
Nuth
22%
Zetten-Andelst
22%
Purmerend Weidevenne
22%
Enschede De Eschmarke
21%
Geleen-Lutterade
21%
Geleen Oost
21%
Swalmen
21%
Buitenpost
21%
Zevenbergen
21%
Twello
21%
Kapelle-Biezelinge
21%
Koog aan de Zaan
21%
Hollandsche Rading
21%
Kesteren
21%
Krabbendijke
19%
Waddinxveen Noord
19%
Waddinxveen Triangel
19%
Winterswijk West
19%
Zuidhorn
19%
Oudenbosch
19%
Nieuw Amsterdam
19%
Glanerbrug
19%
Hardinxveld-Giessendam
19%
IJlst
19%
Helmond 't Hout
19%
Schinnen
19%
Apeldoorn De Maten
19%
Hengelo Gezondheidspark
19%
Dordrecht Stadspolders
19%
Utrecht Zuilen
19%
Santpoort Zuid
19%
Mariënberg
18%
Doetinchem De Huet
18%
Vierlingsbeek
18%
Wolvega
18%
Maarheeze
18%
Grou-Jirnsum
18%
Wormerveer
18%
Reuver
18%
Arkel
18%
Apeldoorn Osseveld
18%
Hindeloopen
18%
Opheusden
18%
Hoensbroek
18%
Hemmen-Dodewaard
18%
Helmond Brouwhuis
18%
Helmond Brandevoort
18%
Heino
18%
Chevremont
18%
Heeze
18%
Holten
18%
Meerssen
18%
Susteren
18%
Voerendaal
17%
Eindhoven Stadion
17%
Overveen
17%
Vorden
17%
Bussum Zuid
17%
Dalen
17%
Ruurlo
17%
Hengelo Oost
17%
Emmen Zuid
17%
Usquert
17%
Sneek Noord
17%
Heerlen Woonboulevard
17%
Zaandam Kogerveld
17%
Bad Nieuweschans
17%
Leeuwarden Camminghaburen
17%
Varsseveld
17%
Baflo
15%
Boskoop Snijdelwijk
15%
Voorhout
15%
Akkrum
15%
Voorst-Empe
15%
Driehuis
15%
Wehl
15%
Delden
15%
Heerenveen IJsstadion
15%
Hurdegaryp
15%
Sappemeer Oost
14%
Bunde
14%
Houthem-Sint Gerlach
14%
Hardinxveld Blauwe Zoom
14%
Loppersum
14%
Martenshoek
14%
Gramsbergen
14%
Beek-Elsloo
14%
Eygelshoven Markt
14%
Workum
14%
Uithuizermeeden
14%
Feanwalden
14%
Vriezenveen
14%
Dronryp
13%
Gaanderen
13%
Klarenbeek
13%
Terborg
13%
Grijpskerk
13%
Uithuizen
13%
Klimmen-Ransdaal
13%
Sauwerd
12%
Scheemda
12%
Sliedrecht Baanhoek
12%
Spaubeek
12%
Zuidbroek
12%
Winsum
12%
Bedum
12%
De Westereen
12%
Delfzijl West
12%
Vroomshoop
12%
Nieuwerkerk aan de IJssel
12%
Daarlerveen
10%
Koudum-Molkwerum
10%
Mantgum
10%
Kropswolde
10%
Warffum
10%
Stedum
9%
Deinum
9%

Scoreverdeling

Percentiel versus Aantal Correcte Antwoorden

Procent van Mensen met Elke Score

Uw Scoregeschiedenis

U heeft deze quiz nog niet genomen sinds de laatste reset